000 00301nam a22001457a 4500
003 SGT
020 _a9789348002976
082 _a346.01
_bDIW
100 _aDIWAN PARAS
245 _aFAMILY LAW
250 _a14
260 _aFARIDABAD
_bALLAHABAD LAW AGENCY
_c2025
300 _a619
942 _2ddc
_cBK
999 _c34090
_d34090